| 000 | 00754nam a2200217Ia 4500 | ||
|---|---|---|---|
| 003 | GCL | ||
| 008 | 140319s9999 xx 000 0 ara d | ||
| 040 |
_aGCL / _cGCL |
||
| 082 | 0 | 4 |
_a953.022 _bأ خ |
| 100 | 1 | _aادريس الحسينى | |
| 245 | 1 | 0 |
_aالخلافة المغتصبة : _bازمة تاريخ أم ازمة مؤرخ / _cادريس الحسينى |
| 250 | _aالثانية | ||
| 260 |
_aالقاهرة : _bدار الخليج للطباعة والنشر ، _c1996 |
||
| 300 |
_a256 ص ؛ _c24 سم |
||
| 650 | 0 | 4 | _aالخلافة |
| 650 | 0 | 4 | _aالامامة |
| 650 | 0 | 4 | _aالفقه الاسلامى - علم |
| 650 | 0 | 4 | _aالخلفاء الراشدون |
| 650 | 0 | 4 | _aالاسلام، نظام الحكم فى |
| 942 |
_2ddc _cBK |
||
| 999 |
_c6437 _d6437 |
||